1791 1401 1469 1123 1622 1588 1925 1916 1987 1318 1702 1726 1372 1326 1913 1564 1322 1585 1986 1237 1333 1984 1570 1833 1268 1102 1228 1878 1497 1892 1207 1113 1421 1321 1406 1013 1384 1998 1897 1510 1981 1135 1441 1808 1218 1348 1154 1956 1159 1982 1836 1305 1994 1174 1131 1054 1298 1319 1203 1679 1827 1848 1489 1557 1079 1214 1534 1136 1821 1417 1996 1063 1662 1033 1510 1288 1739 1317 1939 1877 1413 1934 1609 1474 1380 1381 1363 1670 1827 1891 1416 1673 1313 1383 1865 1269 1350 1224 1272 BCNSPRNW ULIB Ver.6.0+V

เปลี่ยนเป็นภาษาไทย

Change to English
 แสดงรายละเอียดบรรณานุกรม
  กลับหน้าหลัก

Brief Record : Get Marc (ISO 2709) : E-mail record : QR code < ปิดหน้าต่าง
LEADER : 00000nam 2200000uu 4500
001    13399109045
003     ULIB
008    110321s2552||||th 000 0 tha d
050  4 BQ4190^bค167ห 2552
100 0  ครูไวทย์ สันตยารมณ์
245 10 หนังสือสอนพระพุทธศาสนาแก่เด็ก :^bเรื่อง การฟังธรรมโดยกาล /^cครูไวทย์ สันตยารมณ์
246 30 การฟังธรรมโดยกาล
260    กรุงเทพฯ :^bบ้านครูไวทย์,^c2552
300    54 หน้า ;^c22 ซม.
650  7 ธรรมะ
650  7 ธรรมเทศนา
650  7 ธรรมเทศนา^vรวมเรื่อง
945    ^p20^l0^i029805
945    ^p20^l0^i029804
995    เกษร
999 ^a ใช้งานได้ทุกระบบ
รายการนี้ยังไม่มีแท็ก
คุณยังไม่ได้ล็อกอิน คุณสามารถมีกิจกรรมร่วมกับเว็บไซต์ได้ แต่ต้องล็อกอินก่อน ::
  ล็อกอิน

รายการสื่อสารสนเทศ

ลำดับที่ ประเภท เลขเรียก/บาร์โค้ด สถานที่ สถานะ
- ไม่พบข้อมูล -

รายการใกล้เคียง
    หัวเรื่อง [ธรรมะ]
    หัวเรื่อง [ธรรมเทศนา]

BibComment


ยังไม่เคยถูกคอมเมนท์

คอมเมนท์ทรัพยากรรายการนี้
  คอมเมนท์: หนังสือสอนพระพุทธ..


 Copyright 2026. Bcnsprnw @Library